Timber frame construction (Record no. 103499)

MARC details
000 -LEADER
fixed length control field 00879cam a2200253 4500
008 - FIXED-LENGTH DATA ELEMENTS--GENERAL INFORMATION
fixed length control field 040422n2003 000 0 eng u
020 ## - INTERNATIONAL STANDARD BOOK NUMBER
International Standard Book Number 1860815928
035 ## - SYSTEM CONTROL NUMBER
System control number (Sirsi) u125915
041 ## - LANGUAGE CODE
Language code of text/sound track or separate title eng
050 ## - LIBRARY OF CONGRESS CALL NUMBER
Classification number 694.01
-- 18
100 ## - MAIN ENTRY--PERSONAL NAME
Personal name Stirling, C.
245 ## - TITLE STATEMENT
Title Timber frame construction
Remainder of title an introduction.
260 ## - PUBLICATION, DISTRIBUTION, ETC.
Place of publication, distribution, etc. Watford
Name of publisher, distributor, etc. BRE
Date of publication, distribution, etc. 2003
300 ## - PHYSICAL DESCRIPTION
Extent 6p.
Dimensions 30cm.
490 ## - SERIES STATEMENT
Series statement BRE Good Building Guide
Volume/sequential designation GBG60
520 ## - SUMMARY, ETC.
Summary, etc. Gives a brief introduction to the basics of timber frame construction. Discusses: construction; thermal performance; exclusion of water; and cavity fire barriers.
650 ## - SUBJECT ADDED ENTRY--TOPICAL TERM
Topical term or geographic name entry element TIMBER FRAMES
650 ## - SUBJECT ADDED ENTRY--TOPICAL TERM
Topical term or geographic name entry element TIMBER-FRAMED BUILDING
650 ## - SUBJECT ADDED ENTRY--TOPICAL TERM
Topical term or geographic name entry element CAVITY BARRIERS
690 ## - LOCAL SUBJECT ADDED ENTRY--TOPICAL TERM (OCLC, RLIN)
Topical term or geographic name as entry element BUILT ENVIRONMENT-CONSTRUCTION DESIGN
710 ## - ADDED ENTRY--CORPORATE NAME
Corporate name or jurisdiction name as entry element Building Research Establishment
710 ## - ADDED ENTRY--CORPORATE NAME
Corporate name or jurisdiction name as entry element United Kingdom
Subordinate unit Department of Trade and Industry
942 ## - ADDED ENTRY ELEMENTS (KOHA)
Suppress in OPAC 0
Holdings
Withdrawn status Lost status Source of classification or shelving scheme Damaged status Not for loan Home library Current library Shelving location Date acquired Total Checkouts Full call number Barcode Date last seen Date last checked out Copy number Price effective from Koha item type
    Dewey Decimal Classification     London London BRE publications 22/04/2004 9 ENQUIRY DESK 30069135 06/08/2019 10/02/2009 1 06/08/2019 Book